Supplement To The List Of Indian Fungi (Record no. 592380)

MARC details
000 -LEADER
fixed length control field 00417nam a22001457a 4500
008 - FIXED-LENGTH DATA ELEMENTS--GENERAL INFORMATION
fixed length control field 251018b |||||||| |||| 00| 0 eng d
041 ## - LANGUAGE CODE
Language code of text/sound track or separate title eng
082 ## - DEWEY DECIMAL CLASSIFICATION NUMBER
Classification number 589.20954
Item number TAN
100 ## - MAIN ENTRY--AUTHOR NAME
Personal name Tandon,r.n.
245 ## - TITLE STATEMENT
Title Supplement To The List Of Indian Fungi
Statement of responsibility, etc R.N. Tondon, S. Chandra
260 ## - PUBLICATION, DISTRIBUTION, ETC. (IMPRINT)
Place of publication Dehradun
Name of publisher M/s Bishen Singh Mahendra Pal Singh
Year of publication 1976
650 ## - SUBJECT ADDED ENTRY--TOPICAL TERM
Topical Term Botany
942 ## - ADDED ENTRY ELEMENTS (KOHA)
Koha item type English Books
Holdings
Withdrawn status Lost status Damaged status Not for loan Home library Current library Shelving location Date acquired Full call number Accession Number Price effective from Koha item type
        Anna Centenary Library Anna Centenary Library 5TH FLOOR, B WING 18.10.2025 589.20954 TAN 125040 18.10.2025 English Books

Find us on the map